Sociologists, economists and democracy
Αποθηκεύτηκε σε:
| Κύριος συγγραφέας: | |
|---|---|
| Μορφή: | Βιβλίο |
| Γλώσσα: | English |
| Δημοσίευση: |
Chicago :
University of Chicago Press,
c1988.
|
| Θέματα: | |
| Ετικέτες: |
Προσθήκη ετικέτας
Δεν υπάρχουν, Καταχωρήστε ετικέτα πρώτοι!
|
MARC
| LEADER | 00000cam a2200000 i 4500 | ||
|---|---|---|---|
| 001 | 1/80180 | ||
| 008 | 990507s1988 ilu| ||| |||| ||eng|| | ||
| 020 | |a 0226038246 | ||
| 035 | |l 10050571 | ||
| 040 | |a GR-MyUA |b gre |e AACR2 | ||
| 041 | 0 | |a eng | |
| 082 | 0 | |a 321.801 | |
| 100 | 1 | |a Barry, Brian M. | |
| 245 | 1 | 0 | |a Sociologists, economists and democracy / |c Brian Barry. |
| 260 | |a Chicago : |b University of Chicago Press, |c c1988. | ||
| 300 | |a 202 σ. | ||
| 504 | |a Βιβλιογραφία: σ. 184-200. Ευρετήριο. | ||
| 650 | 0 | 0 | |a Democracy. |
| 650 | 0 | 0 | |a Social values. |
| 767 | 0 | 8 | |i Μεταφρασμένο ως: |t Κοινωνιολόγοι, οικονομολόγοι και δημοκρατία / |
| 852 | |a INST |b LESVOS |e 19990507 |h 321.801 BAR |p 005100016363 |q 005100016363 |t BK |y 0 | ||
| 901 | |a BIBL1-1999-2 | ||
| 909 | |a Λ |b 061673 | ||
| 922 | |a 1ΕΛΗ |b 199812 |c ΚΠΣ/ΤΚ |d ΠΑΠΑΣΩΤΗΡΙΟΥ | ||
| 950 | |a 103-1998-07-27 | ||